00387nam a2200121Ia 4500008004100000024004400041082001700085100004900102245002600151260002500177600002500202650003800227250506s9999 xx 000 0 und d a15B-042-SE, 15B-062-SE & 15B-037-SE a005.1221 SHA aShanza Khan, Rameez Uk Haq & Muhammad Rayyan 0aIOTA Data Marketplace aKarachi:bUIT,c2005 aSoftware Engineering aBachelor of Computer Science (BS)